Statistics for Nirvana Songs by Synonym

Click here to take the quiz!

General Stats

  • This quiz has been taken 250 times
  • The average score is 9 of 14

Answer Stats

SynonymsSong Title% Correct
Has the Aroma of Adolescent SoulSmells Like Teen Spirit
96%
Approach and Be YourselfCome As You Are
85%
UnintelligentDumb
81%
Element #3Lithium
80%
Concerning a FemaleAbout a Girl
79%
So SorryAll Apologies
67%
Upon a PrairieOn a Plain
63%
FloweringIn Bloom
62%
Cordate ContainerHeart-Shaped Box
54%
Frangrance-free TraineeScentless Apprentice
51%
You are Assured of Your CorrectnessYou Know You're Right
50%
TicsTourette's
47%
AvoidStay Away
45%
PlungeDive
42%

Score Distribution

Percentile by Number Answered

Percent of People with Each Score

Your Score History

You have not taken this quiz